| 000 | 01063nam a22003251a 4500 | ||
|---|---|---|---|
| 003 | EG-ScBUE | ||
| 005 | 20220531100559.0 | ||
| 008 | 150401t2012 enka f 000 0 eng d | ||
| 020 | _a9781908614315 | ||
| 040 |
_aEG-ScBUE _beng _erda _cEG-ScBUE _dEG-ScBUE |
||
| 082 | 0 | 4 |
_a428.24 _bMCC _222 |
| 100 | 1 |
_aMcCormack, Joan, _eauthor. _937571 |
|
| 245 | 1 | 0 |
_aExtended writing & research skills, _pTeacher's book / _cJoan McCormack, John Slaght. |
| 246 | 3 | _aExtended writing and research skills | |
| 246 | 3 | 0 | _aTeacher's book |
| 250 | _aNew edition. | ||
| 264 | 1 |
_aReading, UK : _bGarnet Education, _c[2012] |
|
| 264 | 4 | _cc2012 | |
| 300 |
_a99 pages : _billustrations ; _c28 cm. |
||
| 336 |
_2rdacontent _atext _btxt |
||
| 337 |
_2rdamedia _aunmediated _bn |
||
| 338 |
_2rdacarrier _avolume _bnc |
||
| 490 | 0 | _aEnglish for academic study | |
| 500 | _aIncludes appendices. | ||
| 650 | 7 |
_aAcademic writing. _2BUEsh |
|
| 653 |
_cApril2015 _bHHUUEENN |
||
| 655 |
_vReading book _934232 |
||
| 700 | 1 |
_aSlaght, John‏, _eauthor. _937567 |
|
| 942 |
_2ddc _k428.24 MCC _cBB |
||
| 999 |
_c19151 _d19123 |
||